| 000 | 00583nam a2200205 i 4500 | ||
|---|---|---|---|
| 001 | 33895 | ||
| 003 | ES-MaACL | ||
| 005 | 20260201161658.0 | ||
| 007 | t| | ||
| 008 | 030203s1971 sp ||||1| spa d | ||
| 100 | 1 |
_aBlake, William, _d1757-1827 _929098 |
|
| 245 | 1 | 0 |
_aPoemas / _cWilliam Blake ; versión de Agusti Bartra. |
| 250 | _a1ª ed. | ||
| 260 |
_a[Barcelona] : _bPlaza & Janés, _c[1971] |
||
| 300 |
_a279 p. ; _c19 cm. |
||
| 546 | _aTexto bilingüe. | ||
| 700 | 1 |
_aBartra, Agustí _926185 |
|
| 852 |
_aES-MaACL _jC-39312 _bR.76735 |
||
| 999 |
_c33895 _d33895 |
||